| 000 | 01507nam a2200409 i 4500 | ||
|---|---|---|---|
| 001 | 7779 | ||
| 003 | KOSZ 005 | ||
| 005 | 20200814092616.0 | ||
| 008 | 120116s1964 pl a f 001 0 pol | ||
| 015 | _aPB 1964/8821 | ||
| 040 |
_aWA N _cWA N _dKOSZ 005/RW _dKOSZ 005/HR |
||
| 041 | 1 |
_apol _heng |
|
| 046 | _k1964 | ||
| 080 | _a532 | ||
| 100 | 1 |
_aCole, G. H. A. _eAutor |
|
| 245 | 1 | 0 |
_aDynamika płynów : _bwprowadzenie do teorii przepływów z małymi prędkościami i teorii fal o małej amplitudzie / _cG. H. A. Cole ; [z ang. tł. Jacek Mączyński]. |
| 246 | 1 |
_iTyt. oryg.: _aFluid dynamics |
|
| 260 |
_aWarszawa : _bPaństwowe Wydawnictwo Naukowe, _c1964. |
||
| 300 |
_a282, [2] s., [1] k. tabl. : _bil. ; _c18 cm. |
||
| 336 |
_2rdacontent _aTekst _btxt |
||
| 337 |
_2rdamedia _aBez urządzenia pośredniczącego _bn |
||
| 338 |
_2rdacarrier _aWolumin _bnc |
||
| 380 | _aKsiążki | ||
| 380 | _aPublikacje naukowe | ||
| 388 | _a1901-2000 | ||
| 490 | 1 | _aMałe Monografie PWN. Fizyka. | |
| 504 | _aBibliogr. s. [271]-274. Indeks. | ||
| 650 | 4 | _aPrzepływ | |
| 650 | 4 | _aFale | |
| 650 | 4 | _aMechanika płynów | |
| 658 | _aFizyka i astronomia | ||
| 700 | 1 |
_aMączyński, Jacek F. _d(1928- 2007). _eTłumaczenie |
|
| 710 | 2 |
_aPaństwowe Wydawnictwo Naukowe _4pbl. |
|
| 830 | 0 |
_aMałe Monografie PWN. _pFizyka |
|
| 856 |
_uhttp://koha.tu.koszalin.pl/cgi-bin/koha/opac-detail.pl?biblionumber=7779 _yKatalog online BPK |
||
| 942 |
_2UKD _cKS |
||
| 999 |
_c7779 _d7779 |
||